| 000 | 00531nam a2200133Ia 4500 | ||
|---|---|---|---|
| 008 | 171212s9999 xx 000 0 und d | ||
| 020 | _a9781921862281 | ||
| 245 |
_ceditor Golley, Jane;Song, Ligang _aRising China: Global Challenges and Opportunities |
||
| 260 |
_bANU E Press _c2011 |
||
| 440 | _aChina Update Series | ||
| 650 | _aEconomic development -- China; International economic relations; China -- Economic conditions; China -- Social conditions | ||
| 650 | _aEconomics | ||
| 856 | _uwww.jstor.org/stable/10.2307/j.ctt24hbk1 | ||
| 999 |
_c351298 _d351298 |
||